Retrouve l'anime grâce au nom d'un de ses arcs - Statistiques

Statistiques générales
  • Ce quiz a été pris 103 fois
  • Le résultat moyen est 20 sur 40
Statistiques - réponses
Nom de l'arc Anime % Correct
L'examen Chunin Naruto
99%
Whole Cake Island One Piece
95%
Armée du Ruban Rouge Dragon Ball
89%
Mello Death Note
85%
Greed Island Hunter X Hunter
83%
Drame de Shibuya Jujutsu Kaisen
81%
Soul Society Bleach
80%
Le sommet des 5 Kage Naruto Shippuden
80%
Huits Préceptes de la mort My Hero Academia
74%
Village des Forgerons Demon Slayer
69%
Retour à Shiganshina L'Attaque des Titans
69%
Royaume de la science Dr Stone
66%
Diamant et Perle Pokémon
65%
Cell Game Dragon Ball Z
64%
Arbaless Fairy Tail
63%
Voyage scolaire au village de Kiri Boruto
61%
Recherche de la pierre philosophale Full Metal Alchemist
61%
U-20 Blue Lock
58%
Black Dragons Tokyo Revengers
54%
Nouvelle Guerre Sainte Seven Deadly Sins
51%
Battle of Gods Dragon Ball Super
48%
Aincrad Sword Art Online
44%
Forêt des Sorcières Black Clover
43%
Winter Cup Kuroko's Basket
40%
Guerrier noir Berserk
39%
Tokyo Nationals Haikyu
39%
Grace Field House The Promised Neverland
36%
Expedition vers l'est Vinland Saga
36%
Les Stigmates Fire Force
33%
Super Fight One Punch Man
28%
Arachnophobia Soul Eater
26%
Dieu de la mort Assassination Classroom
24%
Dragons maléfiques Dragon Ball GT
19%
Sécurité publique Chainsaw Man
16%
Lance Crown Mashle
15%
Bataille Ville Yu-Gi-Oh
15%
Académie de police Detective Conan
13%
Crise Doggy Spy X Family
13%
Moon Banquet Food Wars
11%
Bloody Valkyrie Overlord
4%
Aucun quiz correspondant
Distribution des résultats
% des personnes avec chaque résultat
Percentile par nombre de réponses
Votre historique - résultats
Vous n’avez pas pris ce quiz